[Event "CRO Topla Voda Cup"]
[Site "Tuhovec"]
[Date "2022.08.06"]
[Round "2.4"]
[White "Perko, Bartol"]
[Black "Njegac, Matija"]
[Result "1-0"]
[WhiteElo "1892"]
[BlackElo "1898"]
[PlyCount "63"]
[EventDate "2022.08.06"]
[EventType "team-tourn (blitz)"]
[EventRounds "11"]
[EventCountry "CRO"]
[SourceTitle "CBM 209 Extra"]
[Source "ChessBase"]
[SourceDate "2022.09.30"]
[SourceVersion "1"]
[SourceVersionDate "2022.09.30"]
[SourceQuality "1"]
[WhiteTeam "Strigova Stridon II"]
[BlackTeam "Varazdin"]
[WhiteTeamCountry "CRO"]
[BlackTeamCountry "CRO"]

1. d4 d5 2. c4 e6 3. Nc3 Nf6 4. Nf3 Be7 5. Bf4 c6 6. e3 0-0 7. h3 Nbd7 8. cxd5 exd5 9. Bd3 Re8 10. 0-0 Nf8 11. Rb1 Ne6 12. Bh2 c5 13. dxc5 Nxc5 14. Nd4 a6 15. Bc2 Be6 16. b4 Ncd7 17. Nce2 Rc8 18. Nf4 Bf8 19. a3 Nb6 20. Bd3 Nc4 21. Bxc4 Rxc4 22. Rc1 a5 23. Rxc4 dxc4 24. Qc2 axb4 25. axb4 Bxb4 26. Nfxe6 fxe6 27. Qxc4 Qe7 28. Nxe6 b5 29. Qxb5 Qxe6 30. Qxb4 Nd5 31. Qc4 Qf5 32. Rd1 1-0

[Event "CRO Topla Voda Cup"]
[Site "Tuhovec"]
[Date "2022.08.06"]
[Round "4.4"]
[White "Perko, Bartol"]
[Black "Vajic, Hrvoje"]
[Result "0-1"]
[WhiteElo "1892"]
[BlackElo "2089"]
[PlyCount "100"]
[EventDate "2022.08.06"]
[EventType "team-tourn (blitz)"]
[EventRounds "11"]
[EventCountry "CRO"]
[SourceTitle "CBM 209 Extra"]
[Source "ChessBase"]
[SourceDate "2022.09.30"]
[SourceVersion "1"]
[SourceVersionDate "2022.09.30"]
[SourceQuality "1"]
[WhiteTeam "Strigova Stridon II"]
[BlackTeam "Novi Zagreb"]
[WhiteTeamCountry "CRO"]
[BlackTeamCountry "CRO"]

1. c4 g6 2. g3 Bg7 3. Bg2 c5 4. Nc3 Nc6 5. d3 e5 6. e4 Nge7 7. Nge2 0-0 8. 0-0 h6 9. f4 d6 10. Nd5 f5 11. exf5 Bxf5 12. Nec3 Qd7 13. Kh1 Rae8 14. Be3 Bh3 15. Nxe7+ Rxe7 16. Nd5 Bxg2+ 17. Kxg2 Ref7 18. Qe2 Ne7 19. Nc3 Nf5 20. Bg1 exf4 21. Rxf4 g5 22. Re4 Bd4 23. Nd5 Bxg1 24. Kxg1 Nd4 25. Qg2 Kg7 26. Rae1 Nf3+ 27. Kh1 Nxe1 28. Rxe1 Qf5 29. Qe2 Qf3+ 30. Qxf3 Rxf3 31. Re7+ R8f7 32. Kg2 Rxd3 33. Re2 Rd4 34. b3 a6 35. h3 b5 36. Ne3 bxc4 37. bxc4 Kg6 38. g4 Re4 39. Kg3 Rfe7 40. Kf3 Rf4+ 41. Kg3 Rxc4 42. Nxc4 Rxe2 43. Nxd6 Rxa2 44. Kf3 Ra3+ 45. Ke4 Rxh3 46. Kd5 Rg3 47. Kxc5 Rxg4 48. Kb6 h5 49. Kxa6 h4 50. Kb5 h3 0-1

[Event "CRO-chT U16"]
[Site "Crikvenica"]
[Date "2021.12.21"]
[Round "7.2"]
[White "Perko, Bartol"]
[Black "Loncaric, Domagoj"]
[Result "1/2-1/2"]
[WhiteElo "1846"]
[BlackElo "1647"]
[PlyCount "46"]
[EventDate "2021.12.18"]
[EventType "team-tourn"]
[EventRounds "7"]
[EventCountry "CRO"]
[SourceTitle "CBM 206 Extra"]
[Source "ChessBase"]
[SourceDate "2022.03.31"]
[SourceVersion "1"]
[SourceVersionDate "2022.03.31"]
[SourceQuality "1"]
[WhiteTeam "Strigova Stridon"]
[BlackTeam "Rijeka"]
[WhiteTeamCountry "CRO"]
[BlackTeamCountry "CRO"]

1. c4 e6 2. d4 d5 3. Nf3 Nf6 4. Bg5 Nbd7 5. e3 Bb4+ 6. Nc3 h6 7. Bxf6 Bxc3+ 8. bxc3 Nxf6 9. cxd5 exd5 10. Bd3 c6 11. h3 0-0 12. 0-0 Re8 13. Ne5 Nd7 14. Nxd7 Bxd7 15. Rb1 Qc7 16. c4 dxc4 17. Bxc4 Be6 18. Qb3 Bxc4 19. Qxc4 Qd7 20. Rfd1 Rad8 21. Qb4 Re7 22. Qc5 b6 23. Qc2 Qd5 1/2-1/2

[Event "CRO-chT U16"]
[Site "Crikvenica"]
[Date "2021.12.20"]
[Round "5.2"]
[White "Perko, Bartol"]
[Black "Boric, Jakov"]
[Result "1-0"]
[WhiteElo "1846"]
[BlackElo "1351"]
[PlyCount "73"]
[EventDate "2021.12.18"]
[EventType "team-tourn"]
[EventRounds "7"]
[EventCountry "CRO"]
[SourceTitle "CBM 206 Extra"]
[Source "ChessBase"]
[SourceDate "2022.03.31"]
[SourceVersion "1"]
[SourceVersionDate "2022.03.31"]
[SourceQuality "1"]
[WhiteTeam "Strigova Stridon"]
[BlackTeam "Split Mornar"]
[WhiteTeamCountry "CRO"]
[BlackTeamCountry "CRO"]

1. d4 c6 2. Nf3 d5 3. Bf4 Bf5 4. e3 e6 5. Bd3 Bxd3 6. cxd3 Nf6 7. 0-0 c5 8. dxc5 Bxc5 9. d4 Be7 10. Ne5 0-0 11. Nc3 Nc6 12. Nxc6 bxc6 13. Rc1 Bd6 14. Bxd6 Qxd6 15. Na4 Rab8 16. b3 Rfc8 17. Nc5 Nd7 18. Nxd7 Qxd7 19. Rc5 Rb5 20. Qc2 Qb7 21. Rc1 Rb6 22. h3 Ra6 23. Qd2 Rb8 24. R1c2 h6 25. Qc1 Rc8 26. f3 Qb4 27. Qd2 Qxd2 28. Rxd2 Rb8 29. Rdc2 Rbb6 30. Kf2 Kf8 31. e4 dxe4 32. fxe4 Ke7 33. Ke3 Ra3 34. Rd2 Rba6 35. Rcc2 f6 36. g4 Kd6 37. Kf4 1-0

[Event "CRO-chT U16"]
[Site "Crikvenica"]
[Date "2021.12.18"]
[Round "2.2"]
[White "Cvetkovic, Erik"]
[Black "Perko, Bartol"]
[Result "1/2-1/2"]
[WhiteElo "1624"]
[BlackElo "1846"]
[PlyCount "54"]
[EventDate "2021.12.18"]
[EventType "team-tourn"]
[EventRounds "7"]
[EventCountry "CRO"]
[SourceTitle "CBM 206 Extra"]
[Source "ChessBase"]
[SourceDate "2022.03.31"]
[SourceVersion "1"]
[SourceVersionDate "2022.03.31"]
[SourceQuality "1"]
[WhiteTeam "Sveta Nedelja"]
[BlackTeam "Strigova Stridon"]
[WhiteTeamCountry "CRO"]
[BlackTeamCountry "CRO"]

1. d4 Nf6 2. Nf3 d5 3. c4 e6 4. g3 Be7 5. Bg2 0-0 6. 0-0 c6 7. Nbd2 Nbd7 8. Qc2 Re8 9. Rd1 Bf8 10. e4 dxe4 11. Nxe4 Nxe4 12. Qxe4 Nf6 13. Qc2 h6 14. b3 a5 15. Bb2 a4 16. Nd2 axb3 17. axb3 Rxa1 18. Bxa1 Qe7 19. h4 Rd8 20. Ne4 Nxe4 21. Qxe4 Qb4 22. Qc2 Qd6 23. Bc3 Be7 24. Ba5 Re8 25. Qe4 Qa3 26. Bc7 Qxb3 27. Qe2 Qa4 1/2-1/2

[Event "CRO-chT U20 30th"]
[Site "Rabac"]
[Date "2021.04.10"]
[Round "9.2"]
[White "Perko, Bartol"]
[Black "Ljubicic, Mario"]
[Result "1/2-1/2"]
[WhiteElo "1766"]
[BlackElo "2036"]
[PlyCount "54"]
[EventDate "2021.04.06"]
[EventType "team-tourn"]
[EventRounds "11"]
[EventCountry "CRO"]
[SourceTitle "CBM 201 Extra"]
[Source "ChessBase"]
[SourceDate "2021.05.31"]
[SourceVersion "1"]
[SourceVersionDate "2021.05.31"]
[SourceQuality "1"]
[WhiteTeam "Strigova Stridon U20"]
[BlackTeam "Zadar Casper U20"]
[WhiteTeamCountry "CRO"]
[BlackTeamCountry "CRO"]

1. c4 e5 2. Nc3 Nf6 3. g3 g6 4. Bg2 Bg7 5. e4 0-0 6. Nge2 b6 7. 0-0 Bb7 8. d3 d6 9. h3 Nc6 10. f4 exf4 11. gxf4 Nd7 12. f5 Nd4 13. Be3 Nxe2+ 14. Qxe2 Qe7 15. Qd2 Rfe8 16. Rad1 Kh8 17. Bh6 Bd4+ 18. Kh1 a6 19. Nd5 Bxd5 20. cxd5 a5 21. fxg6 fxg6 22. Bg5 Bf6 23. Bxf6+ Nxf6 24. Qc3 Rf8 25. Rf2 Kg7 26. Rdf1 Rae8 27. Kg1 h6 1/2-1/2

[Event "CRO-chT U20 30th"]
[Site "Rabac"]
[Date "2021.04.09"]
[Round "8.2"]
[White "Stjepic, Borna"]
[Black "Perko, Bartol"]
[Result "1/2-1/2"]
[WhiteElo "1825"]
[BlackElo "1766"]
[PlyCount "135"]
[EventDate "2021.04.06"]
[EventType "team-tourn"]
[EventRounds "11"]
[EventCountry "CRO"]
[SourceTitle "CBM 201 Extra"]
[Source "ChessBase"]
[SourceDate "2021.05.31"]
[SourceVersion "1"]
[SourceVersionDate "2021.05.31"]
[SourceQuality "1"]
[WhiteTeam "Zupanja U20"]
[BlackTeam "Strigova Stridon U20"]
[WhiteTeamCountry "CRO"]
[BlackTeamCountry "CRO"]

1. e4 d5 2. exd5 Qxd5 3. Nc3 Qd8 4. Nf3 Nf6 5. d4 Bf5 6. Bc4 e6 7. 0-0 Be7 8. Bf4 c6 9. Ne2 Nbd7 10. Ng3 Bg6 11. c3 0-0 12. a4 Nb6 13. Be2 Nbd5 14. Bg5 Qc7 15. Ne5 Rad8 16. Qb3 a5 17. Bf3 Rfe8 18. Rfe1 Nd7 19. Bxe7 Nxe7 20. Nc4 Nd5 21. Ne4 Bxe4 22. Bxe4 N7f6 23. Bf3 g6 24. Ne5 Kg7 25. g3 h5 26. h4 Rh8 27. Kg2 Rde8 28. Nd3 b6 29. Qc4 Rc8 30. Ne5 Rhe8 31. Qe2 Rh8 32. Rac1 Rhe8 33. Rc2 c5 34. Rd2 Rcd8 35. Red1 cxd4 36. Rxd4 Ne7 37. Rc4 Qb8 38. Nc6 Nxc6 39. Rxc6 Rxd1 40. Qxd1 Rd8 41. Qb3 Rd6 42. Qb5 Rxc6 43. Bxc6 Qc7 44. b4 Ng8 45. bxa5 bxa5 46. c4 Ne7 47. Be4 f5 48. Bf3 e5 49. Bd5 f4 50. Be4 fxg3 51. fxg3 Qd6 52. Qxa5 Qd4 53. Bd5 Qe3 54. Qc7 Qe2+ 55. Kh3 Qf1+ 56. Bg2 Qf5+ 57. Kh2 Qe6 58. a5 e4 59. Qb6 Qe5 60. Qe3 Nf5 61. Qf4 Qxa5 62. Qxe4 Qc3 63. Qf4 Ne3 64. Qc7+ Kh6 65. Qf4+ Kg7 66. Be4 Ng4+ 67. Kh3 Qxc4 68. Bg2 1/2-1/2

[Event "CRO-chT U16 29th"]
[Site "Sesvete"]
[Date "2020.09.05"]
[Round "5.3"]
[White "Perko, Bartol"]
[Black "Cvetkovic, Erik"]
[Result "1-0"]
[WhiteElo "1663"]
[BlackElo "1408"]
[PlyCount "91"]
[EventDate "2020.06.20"]
[EventType "team-tourn"]
[EventRounds "9"]
[EventCountry "CRO"]
[SourceTitle "EXT 2021"]
[Source "ChessBase"]
[SourceDate "2020.10.23"]
[SourceVersion "1"]
[SourceVersionDate "2020.10.23"]
[SourceQuality "1"]
[WhiteTeam "Strigova Stridon"]
[BlackTeam "Sveta Nedelja"]
[WhiteTeamCountry "CRO"]
[BlackTeamCountry "CRO"]

1. c4 Nf6 2. Nc3 e5 3. Nf3 Nc6 4. g3 d5 5. cxd5 Nxd5 6. Bg2 Be6 7. d3 Be7 8. 0-0 0-0 9. Bd2 f6 10. Rc1 Qd7 11. b3 Rad8 12. Ne1 Rfe8 13. Nc2 Bf8 14. Ne3 Nxc3 15. Bxc3 Kh8 16. Bb2 Bh3 17. a3 Bxg2 18. Kxg2 Ne7 19. Qc2 c6 20. Rfd1 Nd5 21. Nxd5 Qxd5+ 22. Kg1 Rd7 23. Rd2 e4 24. Qc4 Qd6 25. e3 exd3 26. Rcd1 Red8 27. Rxd3 Qxd3 28. Rxd3 Rxd3 29. Qf7 R3d7 30. Qe6 Rd2 31. Bc3 Rd1+ 32. Kg2 R1d3 33. Bd4 c5 34. Qc4 Rd1 35. Qc2 Re1 36. Bxc5 b6 37. Bd4 Bd6 38. Bc3 Rc8 39. Qd2 Rc1 40. Qxc1 Be5 41. Qd2 Bxc3 42. Qd7 Rf8 43. Qe7 Rc8 44. Qxa7 Bb2 45. Qxb6 Bxa3 46. Qa6 1-0

[Event "Medjimurje Cup"]
[Site "Croatia "]
[Date "2020.03.08"]
[Round "5.2"]
[White "Srsan, Nikola"]
[Black "Perko, Bartol"]
[Result "1-0"]
[WhiteElo "1749"]
[BlackElo "1590"]
[PlyCount "69"]
[EventDate "2020.02.09"]
[EventType "team-swiss"]
[EventRounds "6"]
[EventCountry "CRO"]
[SourceTitle "CBM 195 Extra"]
[Source "ChessBase"]
[SourceDate "2020.05.31"]
[SourceVersion "1"]
[SourceVersionDate "2020.05.31"]
[SourceQuality "1"]

1. e4 d5 2. exd5 Qxd5 3. Nc3 Qd8 4. d4 Nf6 5. Bc4 Bg4 6. Be2 Bxe2 7. Ngxe2 e6 8. 0-0 Be7 9. Nf4 c6 10. Be3 Nbd7 11. Qf3 Nb6 12. Ne4 Nxe4 13. Qxe4 0-0 14. b3 Nd5 15. Nxd5 exd5 16. Qg4 Kh8 17. Rae1 Bf6 18. Re2 a5 19. Rfe1 a4 20. b4 Qb6 21. c3 Qb5 22. Bf4 Qc4 23. Bd6 Rg8 24. Qh3 b6 25. Qe3 a3 26. Qd2 Rac8 27. Be5 Bxe5 28. Rxe5 Rgf8 29. Re7 c5 30. dxc5 bxc5 31. b5 Qxb5 32. Qxd5 Qb2 33. Rxf7 Qxc3 34. Qe6 Rxf7 35. Qxc8+ 1-0

[Event "Medjimurje Cup"]
[Site "Croatia "]
[Date "2020.03.01"]
[Round "4.2"]
[White "Perko, Bartol"]
[Black "Fodor, Ivan"]
[Result "1/2-1/2"]
[WhiteElo "1590"]
[BlackElo "1889"]
[PlyCount "68"]
[EventDate "2020.02.09"]
[EventType "team-swiss"]
[EventRounds "6"]
[EventCountry "CRO"]
[SourceTitle "CBM 195 Extra"]
[Source "ChessBase"]
[SourceDate "2020.05.31"]
[SourceVersion "1"]
[SourceVersionDate "2020.05.31"]
[SourceQuality "1"]

1. c4 e5 2. Nc3 Nf6 3. Nf3 d6 4. d4 exd4 5. Nxd4 Be7 6. e4 0-0 7. Bd3 c6 8. 0-0 Nbd7 9. Bf4 Qb6 10. Nf5 Re8 11. Nxe7+ Rxe7 12. Bxd6 Re6 13. Ba3 Ne5 14. c5 Qc7 15. f4 Nxd3 16. Qxd3 Bd7 17. e5 Nd5 18. Ne4 Rh6 19. Nd6 Rf8 20. Rae1 f5 21. Qf3 Be6 22. Qd3 Qe7 23. g3 g5 24. fxg5 Qxg5 25. Qf3 Qe7 26. b4 f4 27. b5 Rg6 28. bxc6 bxc6 29. Ne4 Kg7 30. Bc1 Rf7 31. Nd6 Rf8 32. Ne4 Rf7 33. Nd6 Rf8 34. Ne4 Rf7 1/2-1/2

[Event "Medjimurje Cup"]
[Site "Croatia "]
[Date "2020.02.16"]
[Round "2.2"]
[White "Perko, Bartol"]
[Black "Kovacic, Franjo"]
[Result "1-0"]
[WhiteElo "1590"]
[BlackElo "1780"]
[PlyCount "69"]
[EventDate "2020.02.09"]
[EventType "team-swiss"]
[EventRounds "6"]
[EventCountry "CRO"]
[SourceTitle "CBM 195 Extra"]
[Source "ChessBase"]
[SourceDate "2020.05.31"]
[SourceVersion "1"]
[SourceVersionDate "2020.05.31"]
[SourceQuality "1"]

1. c4 f5 2. Nf3 g6 3. Nc3 Bg7 4. d4 d6 5. e4 fxe4 6. Nxe4 Bf5 7. Ng3 Bg4 8. Be2 c6 9. h3 Bxf3 10. Bxf3 Nf6 11. 0-0 Nbd7 12. Re1 0-0 13. Bf4 Ne8 14. Bg5 Ndf6 15. Qe2 h6 16. Bxf6 Bxf6 17. Rad1 Ng7 18. Be4 Qb6 19. Qd3 e5 20. Bxg6 Qxb2 21. Bh7+ Kh8 22. Qg6 Bg5 23. Ne4 Qc2 24. Nxg5 Qxf2+ 25. Kh1 Qf6 26. Nf3 exd4 27. Rxd4 Qxg6 28. Bxg6 Rf6 29. Bc2 Nh5 30. Red1 Ng3+ 31. Kh2 Ne2 32. Rxd6 Rf4 33. Rxh6+ Kg7 34. Rh7+ Kf6 35. Rd6# 1-0